|
|
|
|
| LEADER |
00000nam a2200000 a 4500 |
| 001 |
vtls011635163 |
| 003 |
SK-MaSNL |
| 005 |
20260301094002.0 |
| 008 |
180123s2016 xo a a 000 0 slo |
| 015 |
|
|
|a SNBA2017/06
|
| 020 |
|
|
|a 9788081079917
|q (leporelo)
|
| 040 |
|
|
|a SNK
|b slo
|c SNK
|e AACR2
|
| 041 |
1 |
|
|a slo
|h eng
|
| 044 |
|
|
|a xo
|c SK
|
| 072 |
|
7 |
|a 0/9-053.2
|x Literatúra pre deti a mládež (náučná)
|2 konspekt
|
| 080 |
|
|
|a 592/599
|2 2011
|
| 080 |
|
|
|a (0.025.2)
|2 2011
|
| 080 |
|
|
|a (0.05)
|2 2011
|
| 130 |
0 |
|
|a Make and Play Jungle
|l Slovensky
|9 427120
|
| 245 |
1 |
0 |
|a Džungľa
|b vyber a poskladaj si modely zvieratiek
|c [preklad Jitka Madarásová]
|
| 250 |
|
|
|a 1. slov. vyd.
|
| 260 |
|
|
|a Bratislava
|b Svojtka & Co.
|c 2016
|
| 300 |
|
|
|a [10] s.
|b fareb. ilustr.
|c 22 x 22 cm
|
| 490 |
1 |
|
|a Hraj sa
|
| 500 |
|
|
|a Kartónové listy
|
| 500 |
|
|
|a Názov z obalu
|
| 500 |
|
|
|a Pravdepodobne preložené z angličtiny
|
| 521 |
1 |
|
|a Pre deti od 3 rokov
|
| 650 |
0 |
7 |
|a zvieratá
|2 SNKPH
|9 1091
|
| 650 |
0 |
7 |
|a Animals
|2 SNKPHeng
|9 267568
|
| 655 |
|
7 |
|a leporelá
|2 SNKPH
|9 60414
|
| 655 |
|
7 |
|a publikácie pre deti
|2 SNKPH
|9 70148
|
| 655 |
|
7 |
|a Picture books for children
|2 SNKPHeng
|9 277438
|
| 655 |
|
7 |
|a Children's literature
|2 SNKPHeng
|9 276039
|
| 700 |
1 |
|
|a Madarásová, Jitka
|4 trl
|9 207448
|
| 830 |
|
0 |
|a Hraj sa
|9 427121
|
| 919 |
|
|
|a 978-80-8107-991-7
|
| 958 |
|
|
|a DB
|
| 958 |
|
|
|a OP
|
| 968 |
|
|
|b ENG
|
| 999 |
|
|
|c 678849
|d 680779
|
| 952 |
|
|
|a SNK
|b SNK
|y PREZ
|7 0
|p 17A1260371
|o snkOSC 28047
|i snk2017/13490
|8 0
|0 0
|1 0
|4 0
|d 2017-06-08
|l 0
|r 2026-02-23 19:49:49
|w 2026-02-23
|
| 952 |
|
|
|a SNK
|b SNK
|y PREZ
|7 0
|p 17A1260372
|o snkOSC 28047 D1
|i snk2017/13491
|8 0
|0 0
|1 0
|4 0
|d 2017-06-08
|l 0
|r 2026-02-23 19:49:49
|w 2026-02-23
|